| 000 | 00827nam a2200229 i 4500 | ||
|---|---|---|---|
| 001 | 20319 | ||
| 003 | ES-MaACL | ||
| 005 | 20230906152257.0 | ||
| 007 | t| | ||
| 008 | 021111s1972 sp a |||| | spa d | ||
| 100 | 1 |
_aAguilar Bartolomé, Francisco. _918712 |
|
| 245 | 1 | 4 |
_aLos explosivos y sus aplicaciones. _nI / _cpor Francisco Aguilar Bartolomé. |
| 260 |
_aMadrid : _bServicio de Publicaciones de la J.E.N., _c1972. |
||
| 300 |
_a1 v. (XVI, 566 p.) : _bil. ; _c22 cm. |
||
| 490 | 1 | _aPublicaciones científicas de la Junta de Energía Nuclear | |
| 505 | 8 |
_aContiene: I ; _tFlujo unidimensional plano |
|
| 650 | 4 |
_aExplosivos. _9136078 |
|
| 740 | 0 | 2 | _aFlujo unidimensional plano. |
| 830 | 0 |
_aPublicaciones científicas de la Junta de Energía Nuclear _9182578 |
|
| 852 |
_aES-MaACL _jG-7055 |
||
| 999 |
_c20319 _d20319 |
||